| 000 | 01120nam a2200325 i 4500 | ||
|---|---|---|---|
| 003 | EG-GICUC | ||
| 005 | 20260508085903.0 | ||
| 008 | 260508s1960 fr ||||fr|||| 00| 0 fre d | ||
| 040 |
_aEG-GiCUC _bfre _cEG-GiCUC _dEG-GiCUC _eRda |
||
| 041 | 0 | _afre | |
| 082 | 0 | 4 |
_221 _a343.766 _bFL . M |
| 092 | 0 | 4 | _221 |
| 099 | _aLaw1 10 343.766 FL . M 1960 | ||
| 100 | 1 |
_aFleur, Anne-Marie _eAuteur |
|
| 245 | 1 | 3 |
_aLa Maison centrale de Haguenau dans le cadre de la réforme pénitentiaire / _cpar Anne-Marie Fleur ; avant-propos de M. Vannat ; préface de M. Leaute |
| 264 | 1 |
_aParis : _bSirey, _c1960. |
|
| 300 |
_a205 page ; _c 24 cm. _billustration ; |
||
| 336 |
_2rda contenu _a texte |
||
| 337 |
_2rda medias _aOrdinateur |
||
| 338 |
_2 transporteur rda _a Ressource en ligne |
||
| 504 | _aComprend des références bibliographiques. | ||
| 546 | _aTexte en français | ||
| 650 | 1 |
_aDroit pénal _2qrmak |
|
| 651 | 1 | _2qrmak | |
| 700 | 1 |
_aVannat, M. _eContributeur |
|
| 700 | 1 |
_aLeaute, M. _ePréfacier |
|
| 856 | 4 | 0 | _uhttps://fll.law.cu.edu.eg/fulltext/bks/B10-11622.pdf |
| 905 | _a74 | ||
| 942 |
_2ddc _n0 _cBK _e21 |
||
| 999 |
_c76246 _d76246 |
||